01186nam a2200289 a 4500001001000000005001700010008004100027041000800068044000700076050002100083100003100104245008800135250000600223260004100229300002900270500008100299500010600380500009600486500004300582500003000625500003300655500007400688500000900762505006500771650003700836651002300873BRCA_755220190320205902.0010613s1714----fr-ab##f##---#001-0#fre-# afre afr 4aF1219b.C67 17141 aCortez, Fernandd1485-154710aHistoire de la Conqueste du Mexique, ou de la Nouvelle Espagnecpar Fernand Cortez. a4 aParisbCompagnie des Librairesc1714 a2 v.bil., mapasc17 cm. aTraduite de l´espagnol de Dom Antoine de Solis, par l´auteur du Triumvirat aVer también B210 (6a. ed. 1759), C119 (6a. ed. 1759 también en Caja Fuerte) y B358 (6a. ed. 1774) aDos ejemplares (Tomo I y Tomo II) inventariados por el Banco de México como un solo libro aEjemplares resguardados en Caja Fuerte aIncluye tabla de materias aEdición de cantos grabados aEstado físico: esquinas de las tapas desvastadas y lomos carcomidos aS1080 av.1 Prefacio. Capítulo Primero.-- v.2 Tabla de Capítulos14aConquista de Méxicoy1519-1540 4aMéxicoxHistoria